| 000 | 00522nam a2200157Ia 4500 | ||
|---|---|---|---|
| 008 | 150610s9999 xx 000 0 und d | ||
| 020 | _a971086419X | ||
| 050 |
_aLB3051 _b .C34 2004 |
||
| 100 | _aCalmorin, Laurentina Paler. | ||
| 245 |
_aMeasurement and evaluation / _cLaurentina P. Calmorin. |
||
| 250 | _a3rd. ed. | ||
| 260 |
_aMandaluyong City : _bNational Book Store, _c2004. |
||
| 300 |
_a328pages : _billustrations ; _c23 cm. |
||
| 504 | _aIncludes glossary. | ||
| 520 | _aEducational tests and measurements. | ||
| 999 |
_c288177 _d288177 |
||